| 000 | 01216cam a2200397 4500 | ||
|---|---|---|---|
| 001 | J286 | ||
| 008 | 090401t1991 xxu||||| |||| 00| 0 eng d | ||
| 035 | _a(Sirsi) u74257 | ||
| 041 | _aeng | ||
| 050 | _a711.1 | ||
| 110 |
_aWootton Jeffreys Consultants Limited _93287 |
||
| 245 | 3 | _aAn examination of the effects of the Use Classes Order 1987 and the General Development Order 1988: residential sector report. | |
| 260 |
_aBrookwood, Surrey London _bWootton Jeffreys Consultants Limited Ber _c1991 |
||
| 300 | _a181p. ; ill.,maps ; 30cm. | ||
| 350 | _a0 | ||
| 520 | _aStudy commissioned by the Department of the Environment. | ||
| 650 | _aCHELSEA | ||
| 650 | _aEXETER | ||
| 650 | _aGENERAL DEVELOPMENT ORDER | ||
| 650 | _aGROUP HOMES | ||
| 650 | _aHOSTELS | ||
| 650 | _aHOTELS | ||
| 650 | _aKENSINGTON | ||
| 650 | _aNEWCASTLE UPON TYNE | ||
| 650 | _aPROPERTY MARKET | ||
| 650 |
_aRESIDENTIAL PROPERTY _96266 |
||
| 650 | _aSI 1987:764 | ||
| 650 | _aSI 1988:1813 | ||
| 650 | _aTORBAY | ||
| 650 | _aTOWN AND COUNTRY PLANNING (USE CLASSES) ORDER 1987 | ||
| 650 | _aYORK | ||
| 690 | _aPLANNING LAW AND PRACTICE | ||
| 710 |
_aBernard Thorpe _93116 |
||
| 942 | _n0 | ||
| 948 | _c04/03/1997 | ||
| 999 |
_c95796 _d95796 |
||